<?xml version="1.0" encoding="UTF-8"?>
<record
    xmlns:xsi="http://www.w3.org/2001/XMLSchema-instance"
    xsi:schemaLocation="http://www.loc.gov/MARC21/slim http://www.loc.gov/standards/marcxml/schema/MARC21slim.xsd"
    xmlns="http://www.loc.gov/MARC21/slim">

  <leader>01109nam a2200277 a 4500</leader>
  <controlfield tag="003">OSt</controlfield>
  <controlfield tag="005">20240305142448.0</controlfield>
  <controlfield tag="008">240304s2019    mx ||||| |||| 00| 0 spa d</controlfield>
  <datafield tag="040" ind1=" " ind2=" ">
    <subfield code="c">Chap</subfield>
  </datafield>
  <datafield tag="090" ind1=" " ind2=" ">
    <subfield code="a">CD-516</subfield>
  </datafield>
  <datafield tag="111" ind1="2" ind2=" ">
    <subfield code="9">188869</subfield>
    <subfield code="a">Encuentro Internacional de Econom&#xED;a Campesina y Agroecolog&#xED;a en Am&#xE9;rica</subfield>
    <subfield code="n">(4 :</subfield>
    <subfield code="d">2019 :</subfield>
    <subfield code="c">Tonal&#xE1;, M&#xE9;xico)</subfield>
  </datafield>
  <datafield tag="245" ind1="0" ind2="0">
    <subfield code="a">Econom&#xED;a campesina /</subfield>
    <subfield code="c">direcci&#xF3;n Elena Kahn.</subfield>
    <subfield code="h">[DVD]</subfield>
  </datafield>
  <datafield tag="246" ind1="0" ind2="0">
    <subfield code="a">Econom&#xED;a campesina :</subfield>
    <subfield code="b">IV Encuentro Internacional de Econom&#xED;a Campesina y Agroecologia en Am&#xE9;rica /</subfield>
    <subfield code="h">[DVD]</subfield>
  </datafield>
  <datafield tag="264" ind1=" " ind2=" ">
    <subfield code="a">Guerrero, M&#xE9;xico :</subfield>
    <subfield code="b">Asociaci&#xF3;n Ambientalista Guerreros Verdes A. C.</subfield>
    <subfield code="c">2019.</subfield>
  </datafield>
  <datafield tag="300" ind1=" " ind2=" ">
    <subfield code="a">1 DVD (37 minutos).</subfield>
  </datafield>
  <datafield tag="650" ind1=" " ind2="4">
    <subfield code="9">186036</subfield>
    <subfield code="a">Alimentos transg&#xE9;nicos</subfield>
    <subfield code="x">Aspectos sociales</subfield>
  </datafield>
  <datafield tag="650" ind1=" " ind2="4">
    <subfield code="9">186037</subfield>
    <subfield code="a">Alimentos transg&#xE9;nicos</subfield>
    <subfield code="x">Pol&#xED;tica gubernamental</subfield>
  </datafield>
  <datafield tag="650" ind1=" " ind2="4">
    <subfield code="9">151311</subfield>
    <subfield code="a">Soberan&#xED;a alimentaria</subfield>
    <subfield code="x">M&#xE9;xico  </subfield>
  </datafield>
  <datafield tag="650" ind1=" " ind2="4">
    <subfield code="9">142981</subfield>
    <subfield code="a">Productos org&#xE1;nicos</subfield>
  </datafield>
  <datafield tag="650" ind1=" " ind2="4">
    <subfield code="9">132383</subfield>
    <subfield code="a">Suelos</subfield>
    <subfield code="x">Calidad</subfield>
  </datafield>
  <datafield tag="650" ind1=" " ind2="4">
    <subfield code="9">4208</subfield>
    <subfield code="a">Alimentos</subfield>
    <subfield code="x">Contaminaci&#xF3;n por pesticidas</subfield>
  </datafield>
  <datafield tag="700" ind1="1" ind2=" ">
    <subfield code="9">188863</subfield>
    <subfield code="a">Kahn, Elena</subfield>
    <subfield code="e">Direcci&#xF3;n.</subfield>
  </datafield>
  <datafield tag="942" ind1=" " ind2=" ">
    <subfield code="2">ddc</subfield>
  </datafield>
  <datafield tag="942" ind1=" " ind2=" ">
    <subfield code="2">ddc</subfield>
  </datafield>
  <datafield tag="942" ind1=" " ind2=" ">
    <subfield code="c">DVD</subfield>
  </datafield>
  <datafield tag="999" ind1=" " ind2=" ">
    <subfield code="c">219779</subfield>
    <subfield code="d">219779</subfield>
  </datafield>
  <datafield tag="952" ind1=" " ind2=" ">
    <subfield code="0">0</subfield>
    <subfield code="1">0</subfield>
    <subfield code="2">local</subfield>
    <subfield code="4">0</subfield>
    <subfield code="5">1</subfield>
    <subfield code="7">0</subfield>
    <subfield code="8">MM</subfield>
    <subfield code="a">BC</subfield>
    <subfield code="b">BC</subfield>
    <subfield code="c">PP_MM</subfield>
    <subfield code="d">2024-03-04</subfield>
    <subfield code="l">0</subfield>
    <subfield code="o">CD-516</subfield>
    <subfield code="p">33724002581677</subfield>
    <subfield code="r">2024-03-04 00:00:00</subfield>
    <subfield code="w">2024-03-04</subfield>
    <subfield code="y">DVD</subfield>
  </datafield>
</record>
